Mashriq main islami tahzeeb k asaar Bangal main arbi farsi kitabbat / (Record no. 211149)

000 -LEADER
fixed length control field 00999 a2200181 4500
003 - CONTROL NUMBER IDENTIFIER
control field Nust
005 - DATE AND TIME OF LATEST TRANSACTION
control field 20260102100033.0
020 ## - INTERNATIONAL STANDARD BOOK NUMBER
International Standard Book Number 9789698535148
040 ## - CATALOGING SOURCE
Transcribing agency Nust
082 ## - DEWEY DECIMAL CLASSIFICATION NUMBER
Classification number 954.13,SAD
100 ## - MAIN ENTRY--PERSONAL NAME
Personal name Muhammad Yousaf Sadique
9 (RLIN) 131079
245 ## - TITLE STATEMENT
Title Mashriq main islami tahzeeb k asaar Bangal main arbi farsi kitabbat /
Statement of responsibility, etc. Muhammad Yousaf Sadique
260 ## - PUBLICATION, DISTRIBUTION, ETC.
Place of publication, distribution, etc. Islamabad
Name of publisher, distributor, etc. NUST
Date of publication, distribution, etc. 2013
300 ## - PHYSICAL DESCRIPTION
Extent xxviii,651p
505 ## - FORMATTED CONTENTS NOTE
Formatted contents note Katba Shanasi : Islami Tareekh wa Tahzeeb ka Aham Maakhaz , Bangal main Islam ka Faroogh or nay Nizam ki Tashkeel, Khosh Naweesi or Islami Saqafat : Muslim Bangal k Kitabat main Fan e Khatati ki Jamaliyati Seher Angazi , Bangal k Islami Kitbaat ki roohani Jehat , Dunyavi Jaah- wa- Hashmat : Bangal K Isami Kitabaat main Alqaab ka Tanoow, Ibtadai Islami Kitbaat, Ehad Saltanat K Kitbaat , Ehad Mitaakhar k Islami KItbaat, Ghair Morkha or Mutafariq Kitbaat , Inthaai Nigarish , Zamima Jaat.
600 ## - SUBJECT ADDED ENTRY--PERSONAL NAME
Personal name Bangal main arbi farsi kitabbat
9 (RLIN) 131080
942 ## - ADDED ENTRY ELEMENTS (KOHA)
Koha item type Reference
Source of classification or shelving scheme
Holdings
Withdrawn status Lost status Source of classification or shelving scheme Damaged status Not for loan Permanent Location Current Location Shelving location Date acquired Full call number Barcode Date last seen Price effective from Koha item type Public note
          Military College of Signals (MCS) Military College of Signals (MCS) General Stacks 12/12/2016 954.13,SAD MCS37075 12/08/2016 12/12/2016 Book Almirah No.76, Shelf No.3
          Military College of Signals (MCS) Military College of Signals (MCS) General Stacks 12/12/2016 954.13,SAD MCS37076 12/08/2016 12/12/2016 Book Almirah No.76, Shelf No.3
© 2023 Central Library, National University of Sciences and Technology. All Rights Reserved.